<?xml version="1.0" encoding="UTF-8"?>
<collection xmlns="http://www.loc.gov/MARC21/slim">
 <record>
  <leader>00529pamaa2200157   4500</leader>
  <controlfield tag="001">0000022365</controlfield>
  <controlfield tag="005">20060320090000.0</controlfield>
  <datafield tag="020" ind1="0" ind2="0">
   <subfield code="a">0521561248 </subfield>
  </datafield>
  <datafield tag="082" ind1=" " ind2=" ">
   <subfield code="a">537.623072 NOW</subfield>
  </datafield>
  <datafield tag="090" ind1="0" ind2="0">
   <subfield code="a">QC611.98 </subfield>
   <subfield code="b">NOW</subfield>
  </datafield>
  <datafield tag="100" ind1="1" ind2="0">
   <subfield code="a">NOWOTNY </subfield>
  </datafield>
  <datafield tag="245" ind1="1" ind2="0">
   <subfield code="a">After the breakthrough : </subfield>
   <subfield code="b">the emergence of high-temperature superconductivity as a research field  </subfield>
   <subfield code="c">Helga Nowotny and Ulrike Felt.</subfield>
  </datafield>
  <datafield tag="260" ind1="0" ind2="0">
   <subfield code="a">Cambridge: </subfield>
   <subfield code="b">C.U.P., </subfield>
   <subfield code="c">1997.</subfield>
  </datafield>
  <datafield tag="300" ind1=" " ind2=" ">
   <subfield code="a">210p.; </subfield>
   <subfield code="c">26cm.</subfield>
  </datafield>
  <datafield tag="650" ind1="0" ind2="0">
   <subfield code="a">High temperature superconductivity -- </subfield>
   <subfield code="x">Research -- </subfield>
   <subfield code="x">History </subfield>
  </datafield>
  <datafield tag="700" ind1="1" ind2="1">
   <subfield code="a">FELT, </subfield>
   <subfield code="h">Ulrike </subfield>
  </datafield>
 </record>
</collection>
